LIBRARY & INFORMATION CENTRE, KCAET, TAVANUR

ONLINE PUBLIC ACCESS CATALOGUE (OPAC)

Ingunninnangolam / (Record no. 5792)

MARC details
000 -LEADER
fixed length control field 00417cam a2200169ua 4500
041 ## - LANGUAGE CODE
Language code of text/sound track or separate title mal
082 ## - DEWEY DECIMAL CLASSIFICATION NUMBER
Classification number 894.8124
Item number KUT/IN
100 ## - MAIN ENTRY--AUTHOR NAME
Personal name Kuttikrishna, Marar .
245 ## - TITLE STATEMENT
Title Ingunninnangolam /
260 ## - PUBLICATION, DISTRIBUTION, ETC. (IMPRINT)
Place of publication Thrissur :
Name of publisher Current Books ,
Year of publication 1966.
300 ## - PHYSICAL DESCRIPTION
Number of Pages 142 ; .
942 ## - ADDED ENTRY ELEMENTS (KOHA)
Koha item type Books
Holdings
Withdrawn status Lost status Damaged status Home library Current library Date acquired Full call number Accession Number Koha item type Public note
      KAUAET KAUAET 07/04/2012 894.8124 10687 Books  
Withdrawn     KAUAET Malayalam University 07/04/2012 894.8124 8968 Books Transferred to Malayalam University
Withdrawn     KAUAET Malayalam University 07/04/2012 894.8124 8485 Books Transferred to Malayalam University
free website counter